Be thou there : the Holy Family's journey in Egypt /

محفوظ في:

المؤلف الرئيسي: Gabra, Gawdat (مؤلف)

مؤلفون آخرون: Lyster, William, (Art historian), Hulsman, Cornelis., Davis, Stephen J., Schiller, Norbert.

التنسيق: كتاب

اللغة: English

الموضوعات:

الوسوم: إضافة وسم

لا توجد وسوم, كن أول من يضع وسما على هذه التسجيلة!

رقم الطلب: ( F )BP315 .B4 2001

LEADER 01287namaa2200337 4500
001 16568
003 OSt
005 20210805112109.0
008 130303s2001 ua ab g b 000 0 eng d
952 |0 0  |1 0  |2 lcc  |4 0  |7 1  |9 17448  |a ARCE  |b ARCE  |d 2021-08-05  |l 0  |o ( F )BP315 .B4 2001  |p 1033008  |r 2021-08-05 00:00:00  |w 2021-08-05  |y BK 
999 |c 14310  |d 14310 
010 |a 2002360687 
020 |a 9774246063 
040 |c ARCE Library 
043 |a f-ua--- 
050 0 4 |a ( F )BP315 .B4 2001 
100 1 |a Gabra, Gawdat,  |e author 
245 1 0 |a Be thou there :  |b the Holy Family's journey in Egypt /  |c edited with an introduction by Gawdat Gabra ; text by William Lyster, Cornelis Hulsman, Stephen J. Davis ; photographs by Norbert Schiller. 
246 3 0 |a Holy Family's journey in Egypt 
264 1 |a Cairo ;  |a New York :  |b American University in Cairo Press,  |c 2001. 
300 |a xi, 162 pages :  |b Illustrations (chiefly color), map ;  |c 33 cm. 
504 |a bibliography : (pages 156-162). 
600 0 0 |a Jesus Christ  |x Flight into Egypt. 
600 0 0 |a Jesus Christ  |x Family. 
651 0 |a Egypt  |x Pictorial works. 
700 1 |a Lyster, William,  |c (Art historian) 
700 1 |a Hulsman, Cornelis.  |9 32373 
700 1 |a Davis, Stephen J. 
700 1 |a Schiller, Norbert. 
901 |a reviewed 
942 |c BK  |2 lcc